Statistiques concernant Les 7 unités du système international

Cliquez ici pour prendre le quiz!

Statistiques générales

  • Ce quiz a été pris 226 fois
  • Le résultat moyen est 11 sur 14

Statistiques - réponses

Réponse% Correct
m
99%
Mètre
96%
s
95%
K
94%
Seconde
90%
Kilogramme
89%
kg
85%
A
81%
Kelvin
80%
Ampère
74%
mol
67%
Mole
61%
Candela
40%
cd
38%

Distribution des résultats

Percentile par nombre de réponses

% des personnes avec chaque résultat

Votre développement - résultats

Vous n’avez pas pris ce quiz